000 00927nac a22002897a 4500
001 BR5600160
003 BR-BrBNA
005 20240105112921.0
008 230509b bl.|||m| |||| 00| 0 por d
040 _aBR-BrBNA
_bpor
_cBiblioteca Nacional de Agricultura
072 _aK50
090 _a2590 BR5600160
100 1 _aSouza, H.B. de
110 1 _aInstituto Agronomico do Norte, Belem, PA (Brasil)
_95627
245 1 _aLatex de Landolphia paraensis [Analise quimica; Borracha; Brasil]
260 3 _aBelem, PA (Brasil):
_c1956.
300 _ap. 113-126
490 _aBoletim Tecnico do Instituto Agronomico do Norte (Brazil)
_vno. 31
_x
500 _aSummaries (En, Fr, Pt); 10 ref.
650 _aPLANTA PRODUTORA DE BORRACHA
650 _aLATEX
650 _aANALISE QUIMICA
650 _aINDUSTRIA FLORESTAL
650 _aAMAZONIA
909 _a202312
_bLúcia Elande
_c55
_dLúcia Elande
942 _2AGRIS
_n0
_cMS
999 _c260922
_d260922